000 00894nam a22002297a 4500
005 20240530110555.0
008 160809s2014 ua a g 000 0dara d
017 _a2013/23170
_bالقاهره . دارالكتب المصريه
020 _a9789774951558
040 _aEG-CaGPL
082 0 4 _221
_a070.4\
_bح ص
100 0 _aحسين محمد ربيع .
245 1 2 _aالصحافة الاستقصائية :
_bالواقع و الاشكاليات /
_cتاليف حسين محمد ريبع .
250 _aط1 .
260 _aالقاهره :
_bدار العالم العربي ،
_c2014 .
300 _a287 ص :
_bايض ؛
_c24 سم .
490 0 _aاتجاهات حديثه فى الاعلام .
504 _aببليوجرافيه : ص 286 - 287
650 0 4 _aالصحافة الاستقصائية .
942 _2ddc
_cBK
999 _c62545
_d62545